New Zealand Universities - Statistics

General Stats
  • This quiz has been taken 24 times
  • The average score is 7 of 8
Answers on the Map
Answers color-coded by a green-red scale on the quiz's map according to % correct below.
 
Answer Stats
Answer % Correct
University of Auckland
100%
University of Canterbury
95%
University of Otago
89%
Massey University
79%
University of Waikato
79%
Victoria University of Wellington
74%
Auckland University of Technology
68%
Lincoln University
68%
No matching quizzes found
Score Distribution
Percent of People with Each Score
Percentile by Number Answered
Your Score History
You have not taken this quiz